00322nam a22001097a 4500041000800000082001600008100001400024245009200038260002600130300000700156650004900163 aENG a340.59bWAT aWatitoshi aA Study on the Concept of Polygamy in Islam and its Implication on Indian Muslim Family aHyderabadbARRCc2024 a93 aIslamic-Law | Polygamy-IslamaPolygamy-Islam